| 000 | 00911nas a2200289 4500 | ||
|---|---|---|---|
| 001 | BR2010001138 | ||
| 003 | BR-BrBNA | ||
| 005 | 20231205113946.0 | ||
| 007 | ta | ||
| 008 | 230509b bl.|||p| |||| 00| 00por d | ||
| 040 |
_aBR-BrBNA _bpor _cBiblioteca Nacional de Agricultura |
||
| 041 | _a(Pt) | ||
| 072 | _aF02 | ||
| 100 | 1 | _aFigueiredo, L.S. | |
| 100 | 1 | _aBonfim, F.P.G. | |
| 100 | 1 | _aFerraz, E.O. | |
| 100 | 1 | _aCastro, C.E. | |
| 100 | 1 | _aSouza, M.F. | |
| 100 | 1 | _aMartins, E.R. | |
| 245 | 1 | _aInfluência do ácido indolbutírico no enraizamento de alecrim=pimenta (Lippia sidoides)em leito com umidade controlada | |
| 650 | _aALECRIM | ||
| 650 | _aPROPAGAÇÃO VEGETATIVA | ||
| 650 | _aESTACA | ||
| 773 | 0 |
_tRevista Brasileira de Plantas Medicinais (Brazil) _xISSN 1516-0572 _g(Feb 2009), v. 11(1) p. 33-36 _wBR2010001138 |
|
| 909 |
_a202311 _bLúcia _c55 _dLúcia Elande |
||
| 942 |
_2AGRIS _n0 _cANA |
||
| 999 |
_c206457 _d206457 |
||